000 00434nam a2200181Ia 4500
001 15793
005 20260306170222.0
008 260306t1996||||xx |||||||||||||| ||und||
041 _aESP
082 _a620.104
_bW57
100 _aWilliams Jr., James H.
_eAUT
245 0 _aFundamentals of applied dynamics
260 _c1996
300 _a854 páginas :
_c24 cm.
650 _aGEN
654 _aCII
942 _cLIB
_dJUS
_fJUS
_2ddc
_n
999 _c15793
_d15793